<?xml version="1.0" encoding="UTF-8"?><?xml-stylesheet type="text/xsl" href="static/style.xsl"?><OAI-PMH xmlns="http://www.openarchives.org/OAI/2.0/" xmlns:xsi="http://www.w3.org/2001/XMLSchema-instance" xsi:schemaLocation="http://www.openarchives.org/OAI/2.0/ http://www.openarchives.org/OAI/2.0/OAI-PMH.xsd"><responseDate>2026-04-14T08:11:56Z</responseDate><request verb="GetRecord" identifier="oai:www.recercat.cat:2072/417753" metadataPrefix="marc">https://recercat.cat/oai/request</request><GetRecord><record><header><identifier>oai:recercat.cat:2072/417753</identifier><datestamp>2025-04-07T18:47:08Z</datestamp><setSpec>com_2072_98</setSpec><setSpec>col_2072_378193</setSpec></header><metadata><record xmlns="http://www.loc.gov/MARC21/slim" xmlns:dcterms="http://purl.org/dc/terms/" xmlns:xsi="http://www.w3.org/2001/XMLSchema-instance" xmlns:doc="http://www.lyncode.com/xoai" xsi:schemaLocation="http://www.loc.gov/MARC21/slim http://www.loc.gov/standards/marcxml/schema/MARC21slim.xsd">
   <leader>00925njm 22002777a 4500</leader>
   <datafield ind2=" " ind1=" " tag="042">
      <subfield code="a">dc</subfield>
   </datafield>
   <datafield ind2=" " ind1=" " tag="720">
      <subfield code="a">Celma, Jordi</subfield>
      <subfield code="e">author</subfield>
   </datafield>
   <datafield ind2=" " ind1=" " tag="720">
      <subfield code="a">Universitat Autònoma de Barcelona. Departament d'Empresa</subfield>
      <subfield code="e">author</subfield>
   </datafield>
   <datafield ind2=" " ind1=" " tag="260">
      <subfield code="c">2003</subfield>
   </datafield>
   <datafield ind2=" " ind1=" " tag="520">
      <subfield code="a">Esta investigación relaciona el margen de solvencia que normativamente deben acreditar los aseguradores de vida con los recursos propios que cualquier empresa debe poseer para poder ejercer su actividad. Analizaremos la incidencia que la remuneración de esos recursos tiene en la propia actividad de comercialización de los seguros demostrando su relación inversa con el tipo de interés garantizado en los contratos. Analizaremos asimismo la incidencia que los eventuales cambios en los tipos de interés pueden tener en la remuneración que puede ofrecerse a esos recursos y propondremos una ecuación que incorpore todos estos aspectos, comprobando que las relaciones que actualmente ofrece la disciplina académica son casos particulares de la ecuación general, casos que demostraremos que incorporan unas hipótesis implícitas bastante restrictivas.</subfield>
   </datafield>
   <datafield tag="653" ind2=" " ind1=" ">
      <subfield code="a">Assegurances de vida Aspectes econòmics</subfield>
   </datafield>
   <datafield tag="653" ind2=" " ind1=" ">
      <subfield code="a">Assegurances de vida Models matemàtics</subfield>
   </datafield>
   <datafield ind2="0" ind1="0" tag="245">
      <subfield code="a">La Solvencia financiera del asegurador de vida y su relación con el coste de capital</subfield>
   </datafield>
</record></metadata></record></GetRecord></OAI-PMH>